<?xml version="1.0" encoding="UTF-8"?>
<record
    xmlns:xsi="http://www.w3.org/2001/XMLSchema-instance"
    xsi:schemaLocation="http://www.loc.gov/MARC21/slim http://www.loc.gov/standards/marcxml/schema/MARC21slim.xsd"
    xmlns="http://www.loc.gov/MARC21/slim">

  <leader>03140pam a22003851i 4500</leader>
  <controlfield tag="001">991015375369707026</controlfield>
  <controlfield tag="003">UkOxU</controlfield>
  <controlfield tag="005">20260309122845.0</controlfield>
  <controlfield tag="006">m    ||  d |      </controlfield>
  <controlfield tag="007">cr |||||||||||</controlfield>
  <controlfield tag="008">220127s2022    enka    ob    001|0|eng|d</controlfield>
  <datafield tag="015" ind1=" " ind2=" ">
    <subfield code="a">GBC221376</subfield>
    <subfield code="2">bnb</subfield>
  </datafield>
  <datafield tag="020" ind1=" " ind2=" ">
    <subfield code="a">9781915097200 (PDF ebook) :</subfield>
    <subfield code="c">&#x110;34.99</subfield>
  </datafield>
  <datafield tag="020" ind1=" " ind2=" ">
    <subfield code="z">9781915097217 (hbk.) :</subfield>
    <subfield code="c">&#x110;85.00</subfield>
  </datafield>
  <datafield tag="020" ind1=" " ind2=" ">
    <subfield code="a">9781915097194 (pbk.) :</subfield>
    <subfield code="c">&#x110;34.99</subfield>
  </datafield>
  <datafield tag="035" ind1=" " ind2=" ">
    <subfield code="a">022816854-44oxf_inst</subfield>
  </datafield>
  <datafield tag="035" ind1=" " ind2=" ">
    <subfield code="a">(UkOxU)022816854</subfield>
  </datafield>
  <datafield tag="035" ind1=" " ind2=" ">
    <subfield code="a">(Uk)020484498</subfield>
  </datafield>
  <datafield tag="037" ind1=" " ind2=" ">
    <subfield code="a">9781915097200</subfield>
    <subfield code="b">Goodfellow Publishers Ltd</subfield>
  </datafield>
  <datafield tag="040" ind1=" " ind2=" ">
    <subfield code="a">StDuBDS</subfield>
    <subfield code="b">eng</subfield>
    <subfield code="e">rda</subfield>
    <subfield code="e">pn</subfield>
    <subfield code="c">StDuBDS</subfield>
    <subfield code="d">Uk</subfield>
  </datafield>
  <datafield tag="041" ind1=" " ind2=" ">
    <subfield code="a">English</subfield>
  </datafield>
  <datafield tag="042" ind1=" " ind2=" ">
    <subfield code="a">ukblsr</subfield>
  </datafield>
  <datafield tag="100" ind1=" " ind2=" ">
    <subfield code="a">Raj, Razaq,</subfield>
    <subfield code="e">author.</subfield>
    <subfield code="1">https://isni.org/isni/0000000109789085</subfield>
    <subfield code="9">26856</subfield>
  </datafield>
  <datafield tag="245" ind1="1" ind2="0">
    <subfield code="a">Events management </subfield>
    <subfield code="b">: principles and practice.</subfield>
  </datafield>
  <datafield tag="250" ind1=" " ind2=" ">
    <subfield code="a">Fourth edition </subfield>
    <subfield code="b">/ Razaq Raj, Tahir Rashid.</subfield>
  </datafield>
  <datafield tag="264" ind1=" " ind2="1">
    <subfield code="a">Oxford :</subfield>
    <subfield code="b">Goodfellow Publishers,</subfield>
    <subfield code="c">2022.</subfield>
  </datafield>
  <datafield tag="300" ind1=" " ind2=" ">
    <subfield code="a">448 pages</subfield>
    <subfield code="b">illustrations (black and white).</subfield>
  </datafield>
  <datafield tag="500" ind1=" " ind2=" ">
    <subfield code="a">Previous edition: 2017.</subfield>
  </datafield>
  <datafield tag="504" ind1=" " ind2=" ">
    <subfield code="a">Includes bibliographical references and index.</subfield>
  </datafield>
  <datafield tag="505" ind1="0" ind2=" ">
    <subfield code="a">Part One: Events Concepts and Management &#x2014; Introduction to Events Management &#x2014; Events Destinations and Management &#x2014; Event Entrepreneurship &#x2014; Human Resource Management &#x2014; 

Part Two: Events Finance and Law &#x2014; Financial Management in the Events Industry &#x2014; Costing, Pricing and Capital in the Events Industry &#x2014; Project Management and Financing &#x2014; Legal, Security, Safety and Risk Management &#x2014; 

Part Three: Events Marketing and Media &#x2014; Event Sponsorship &#x2014; Marketing Process, Communications and Public Relations &#x2014; Brand Co-creation and Social Media &#x2014; New Multimedia Technology for Events Organisers &#x2014; 

Part Four: Events Preparation and Operation &#x2014; Events Assessing, Planning and Monitoring &#x2014; Event Logistics &#x2014; Event Production, Design and Lighting &#x2014; Crowd Control and Crowd Dynamics &#x2014; 

Part Five: Events Trends and Issues &#x2014; Expos, Conferences and Conventions &#x2014; Sustainable Festivals and Events &#x2014; Long-Term Legacy and Impacts &#x2014; The Future of the Events Industry.</subfield>
  </datafield>
  <datafield tag="520" ind1=" " ind2=" ">
    <subfield code="a">The third edition includes several new chapters, covering topics such as Crowd Control and Crowd Dynamics, Expos, Conferences and Conventions, and Brand Co-creation and Social Media. It also introduces updated discussion on contemporary trends, including the environmental and social impacts of large-scale events such as the Olympic Games.

A wide range of international case studies is used throughout the book to illustrate key concepts in practice. These include:

The impact of the London 2012 and Rio 2016 Olympic Games &#x2014; 

Van Gogh Augmented Reality in Nuenen &#x2014; 

Sands Expo and Convention Center, Las Vegas &#x2014; 

Glastonbury Music Festival &#x2014; 

Lame Horse Nightclub, Russia &#x2014; 

The Leeds Caribbean Festival.

The book is suitable for undergraduate and postgraduate students studying Events Management.</subfield>
  </datafield>
  <datafield tag="650" ind1=" " ind2="0">
    <subfield code="a">Special events </subfield>
    <subfield code="x"> Management</subfield>
    <subfield code="9">22163</subfield>
  </datafield>
  <datafield tag="700" ind1=" " ind2=" ">
    <subfield code="a">Rashid, Tahir,</subfield>
    <subfield code="e">author.</subfield>
    <subfield code="1">https://isni.org/isni/000000005499403X</subfield>
    <subfield code="9">26857</subfield>
  </datafield>
  <datafield tag="942" ind1=" " ind2=" ">
    <subfield code="2">lcc</subfield>
  </datafield>
  <datafield tag="952" ind1=" " ind2=" ">
    <subfield code="0">0</subfield>
    <subfield code="1">0</subfield>
    <subfield code="2">lcc</subfield>
    <subfield code="4">0</subfield>
    <subfield code="7">0</subfield>
    <subfield code="a">TBS</subfield>
    <subfield code="b">TBS</subfield>
    <subfield code="d">2026-03-09</subfield>
    <subfield code="l">0</subfield>
    <subfield code="r">2026-03-09</subfield>
    <subfield code="t">1</subfield>
    <subfield code="w">2026-03-09</subfield>
    <subfield code="y">1</subfield>
    <subfield code="z">SOON AVAILABLE</subfield>
  </datafield>
  <datafield tag="999" ind1=" " ind2=" ">
    <subfield code="c">5404</subfield>
    <subfield code="d">5404</subfield>
  </datafield>
</record>
